<?xml version="1.0" encoding="UTF-8"?><?xml-stylesheet type="text/xsl" href="static/style.xsl"?><OAI-PMH xmlns="http://www.openarchives.org/OAI/2.0/" xmlns:xsi="http://www.w3.org/2001/XMLSchema-instance" xsi:schemaLocation="http://www.openarchives.org/OAI/2.0/ http://www.openarchives.org/OAI/2.0/OAI-PMH.xsd"><responseDate>2026-04-13T08:00:10Z</responseDate><request verb="GetRecord" identifier="oai:www.recercat.cat:2072/424949" metadataPrefix="marc">https://recercat.cat/oai/request</request><GetRecord><record><header><identifier>oai:recercat.cat:2072/424949</identifier><datestamp>2025-09-09T18:38:26Z</datestamp><setSpec>com_2072_98</setSpec><setSpec>col_2072_378197</setSpec></header><metadata><record xmlns="http://www.loc.gov/MARC21/slim" xmlns:dcterms="http://purl.org/dc/terms/" xmlns:xsi="http://www.w3.org/2001/XMLSchema-instance" xmlns:doc="http://www.lyncode.com/xoai" xsi:schemaLocation="http://www.loc.gov/MARC21/slim http://www.loc.gov/standards/marcxml/schema/MARC21slim.xsd">
   <leader>00925njm 22002777a 4500</leader>
   <datafield ind2=" " ind1=" " tag="042">
      <subfield code="a">dc</subfield>
   </datafield>
   <datafield ind2=" " ind1=" " tag="720">
      <subfield code="a">Esteve, Albert</subfield>
      <subfield code="e">author</subfield>
   </datafield>
   <datafield ind2=" " ind1=" " tag="720">
      <subfield code="a">Torrents Rosés, Àngels,</subfield>
      <subfield code="e">author</subfield>
   </datafield>
   <datafield ind2=" " ind1=" " tag="720">
      <subfield code="a">Cortina Trilla, Clara</subfield>
      <subfield code="e">author</subfield>
   </datafield>
   <datafield ind2=" " ind1=" " tag="260">
      <subfield code="c">2003</subfield>
   </datafield>
   <datafield ind2=" " ind1=" " tag="520">
      <subfield code="a">Comunicació presentada al XVIII Congreso de la Asociación de Geógrafos Españoles celebrat a Bellaterra del 24 al 27 de setembre de 2003.</subfield>
   </datafield>
   <datafield ind2=" " ind1=" " tag="520">
      <subfield code="a">Este artículo tiene como objetivo principal explorar las características demográficas y el efecto de la desigual distribución de efectivos por sexos en las pautas matrimoniales de los inmigrantes y segunda generación de españoles en Ybor City (Tampa, Florida, Estados Unidos) a principios de siglo XX. Ybor City, además de proporcionarnos detalles de la poco estudiada emigración a Estados Unidos, es el caso de una ciudad que aparece y crece gracias al desarrollo de la industria del tabaco que, en sus primeros años, atrajo una gran cantidad de españoles, en su mayoría hombres solteros que se enfrentaron a las dificultades de encontrar esposa entre las escasas mujeres de origen español. Los datos provienen del Hispanic Oversample del censo de Estados Unidos de 1910. Para el caso de Ybor City, disponemos de una muestra del 50% de los españoles de origen y segunda generación, así como de todas las personas que convivían en el mismo hogar.</subfield>
   </datafield>
   <datafield ind2=" " ind1=" " tag="520">
      <subfield code="a">Aquest article té com objectiu principal explorar les característiques demogràfiques i l'efecte de la distribució desigual d'efectius per sexes en les pautes matrimonials dels immigrants i segona generació d'espanyols a Ybor City (Tampa, Florida, Estats Units) a principis del segle XX. Ybor City, apart de proporcionar-nos detalls de la poc estudiada emigració als Estats Units, és el cas d'una ciutat que apareix i creix gràcies al desenvolupament de la industria del tabac que, en els seus primers anys, va atreure una gran quantitat d'espanyols, la seva majoria solters que es van enfrontar a les dificultats de trobar esposa entre les escasses dones d'origen espanyol. Les dades provenen de l'Hispanic Oversample del cens d'Estats Units de 1910. Pel cas de Ybor City, disposem d'una mostra del 50% dels espanyols d'origen i segona generació, així com de totes les persones que convivien a la mateixa llar.</subfield>
   </datafield>
   <datafield ind2=" " ind1=" " tag="520">
      <subfield code="a">The goal of this article is to explore the demographic features and the effects of an unbalanced sex ratio on the marriage patterns of Spanish immigrants and their descendants in Ybor City (Florida, United States) at the beginning of the 20th century. Besides providing details of clandestine emigration to the United States, Ybor City is a city that was established as a result of the development of the tobacco industry. During its early years it attracted a huge number of Spanish people, most of them single men who had to face the problem of a shortage of Spanish women. The data that were used comes from the Hispanic Oversample of the 1910 United States Census. For Ybor City, this is a 50% sample of the Spanish people, their direct descendants and those living in the same home.</subfield>
   </datafield>
   <datafield tag="653" ind2=" " ind1=" ">
      <subfield code="a">Microdatos censales</subfield>
   </datafield>
   <datafield tag="653" ind2=" " ind1=" ">
      <subfield code="a">Emigración</subfield>
   </datafield>
   <datafield tag="653" ind2=" " ind1=" ">
      <subfield code="a">Pautas matrimoniales</subfield>
   </datafield>
   <datafield tag="653" ind2=" " ind1=" ">
      <subfield code="a">Desequilibrio por sexo</subfield>
   </datafield>
   <datafield tag="653" ind2=" " ind1=" ">
      <subfield code="a">Microdades censals</subfield>
   </datafield>
   <datafield tag="653" ind2=" " ind1=" ">
      <subfield code="a">Emigració</subfield>
   </datafield>
   <datafield tag="653" ind2=" " ind1=" ">
      <subfield code="a">Pautes matrimonials</subfield>
   </datafield>
   <datafield tag="653" ind2=" " ind1=" ">
      <subfield code="a">Desequilibri per sexes</subfield>
   </datafield>
   <datafield tag="653" ind2=" " ind1=" ">
      <subfield code="a">Census Microdata</subfield>
   </datafield>
   <datafield tag="653" ind2=" " ind1=" ">
      <subfield code="a">Migration</subfield>
   </datafield>
   <datafield tag="653" ind2=" " ind1=" ">
      <subfield code="a">Marriage Patterns</subfield>
   </datafield>
   <datafield tag="653" ind2=" " ind1=" ">
      <subfield code="a">Sex ratio</subfield>
   </datafield>
   <datafield tag="653" ind2=" " ind1=" ">
      <subfield code="a">Micro données de recensement</subfield>
   </datafield>
   <datafield tag="653" ind2=" " ind1=" ">
      <subfield code="a">Émigration</subfield>
   </datafield>
   <datafield tag="653" ind2=" " ind1=" ">
      <subfield code="a">Nuptialité</subfield>
   </datafield>
   <datafield tag="653" ind2=" " ind1=" ">
      <subfield code="a">Déséquilibre des effectifs par sexe</subfield>
   </datafield>
   <datafield ind2="0" ind1="0" tag="245">
      <subfield code="a">La emigración española a Estados Unidos : una aproximación desde los microdatos censales de 1910</subfield>
   </datafield>
</record></metadata></record></GetRecord></OAI-PMH>